[Event "RUS-ch Rapid Men 2018"]
[Site "Sochi"]
[Date "2018.10.06"]
[Round "8"]
[White "Artemiev, Vladislav"]
[Black "Morozevich, Alexander"]
[Result "1/2-1/2"]
[WhiteElo "2706"]
[BlackElo "2656"]
[Annotator "RC"]
[PlyCount "192"]
[EventDate "2018.10.05"]
[EventType "swiss"]
[EventCountry "RUS"]
[SourceTitle "playchess.com"]
[Source "ChessBase"]
[SourceQuality "1"]
[TimeControl "900+10"]

1. c4 {[%emt 0:00:17]} e5 {[%emt 0:01:13]} 2. d3 {[%emt 0:00:11]} Bb4+ {[%emt 0:00:38]} 3. Nd2 {[%emt 0:00:03]} c6 {[%emt 0:00:55]} 4. Ngf3 {[%emt 0:00:04]} d6 {[%emt 0:00:36]} 5. a3 {[%emt 0:00:34]} Ba5 {[%emt 0:00:01]} 6. b4 {[%emt 0:00:01]} Bc7 {[%emt 0:00:01]} 7. Bb2 {[%emt 0:00:01]} Nf6 {[%emt 0:00:04]} 8. e3 {[%emt 0:00:01]} O-O {[%emt 0:00:03]} 9. Be2 {[%emt 0:00:01]} Re8 {[%emt 0:00:05]} 10. Rc1 {[%emt 0:01:04]} Nbd7 {[%emt 0:00:57]} 11. Qc2 {[%emt 0:00:04]} Nf8 {[%emt 0:01:04]} 12. O-O {[%emt 0:00:04]} Ng6 {[%emt 0:00:42]} 13. Rfd1 {[%emt 0:01:09]} Qe7 {[%emt 0:00:40]} 14. b5 {[%emt 0:00:59]} Bd7 {[%emt 0:00:41]} 15. a4 {[%emt 0:00:15]} a6 {[%emt 0:00:22]} 16. Qb3 {[%emt 0:00:09]} axb5 {[%emt 0:00:10]} 17. axb5 {[%emt 0:00:05]} cxb5 {[%emt 0:00:14]} 18. cxb5 {[%emt 0:00:32]} Be6 {[%emt 0:00:07]} 19. Qc2 {[%emt 0:00:25]} Rec8 {[%emt 0:00:02]} 20. d4 {[%emt 0:03:39]} d5 {[%emt 0:03:09]} 21. dxe5 {[%emt 0:00:08]} Nxe5 {[%emt 0:00:01]} 22. Qb1 {[%emt 0:00:33]} Nxf3+ {[%emt 0:01:18]} 23. Bxf3 {[%emt 0:00:08]} Ng4 {[%emt 0:00:23]} 24. Nf1 {[%emt 0:00:04]} Qg5 {[%emt 0:01:11]} 25. Bd4 {[%emt 0:01:09]} h5 {[%emt 0:00:06]} 26. Qb2 {[%emt 0:01:50]} Ne5 {[%emt 0:00:54]} 27. Bxe5 {[%emt 0:00:07]} Bxe5 {[%emt 0:00:01]} 28. Qe2 {[%emt 0:00:26]} Rxc1 {[%emt 0:00:22]} 29. Rxc1 {[%emt 0:00:01]} h4 {[%emt 0:00:41]} 30. Qd3 {[%emt 0:00:49]} Rd8 {[%emt 0:00:43]} 31. Rd1 {[%emt 0:01:03]} b6 {[%emt 0:00:29]} 32. Nd2 {[%emt 0:00:57]} d4 {[%emt 0:00:06]} 33. Nc4 {[%emt 0:00:41]} Bf6 {[%emt 0:01:16]} 34. Nd2 {[%emt 0:02:46]} dxe3 {[%emt 0:00:13]} 35. Qxe3 {[%emt 0:00:01]} Qxb5 {[%emt 0:00:19]} 36. Rb1 {[%emt 0:00:01]} Qd3 {[%emt 0:00:50]} 37. Qxd3 {[%emt 0:00:01]} Rxd3 {[%emt 0:00:00]} 38. Ne4 {[%emt 0:00:04]} Bd4 {[%emt 0:00:14]} 39. Ng5 {[%emt 0:00:31]} Bf5 {[%emt 0:00:18]} 40. Re1 {[%emt 0:00:05]} g6 {[%emt 0:00:09]} 41. Be2 {[%emt 0:00:27]} Rc3 {[%emt 0:00:11]} 42. Nf3 {[%emt 0:00:11]} Bf6 {[%emt 0:00:07]} 43. h3 {[%emt 0:00:01]} Kg7 {[%emt 0:00:12]} 44. Rd1 {[%emt 0:00:02]} Rb3 {[%emt 0:00:11]} 45. Nd4 {[%emt 0:00:10]} Bxd4 {[%emt 0:00:13]} 46. Rxd4 {[%emt 0:00:00]} g5 {[%emt 0:00:03]} 47. f4 {[%emt 0:00:18]} f6 {[%emt 0:00:18]} 48. Rd5 {[%emt 0:00:10]} Be4 {[%emt 0:00:09]} 49. Rd4 {[%emt 0:00:13]} f5 {[%emt 0:00:03]} 50. fxg5 {[%emt 0:00:20]} Kg6 {[%emt 0:00:01]} 51. Bf3 {[%emt 0:00:10]} Bxf3 {[%emt 0:00:16]} 52. gxf3 {[%emt 0:00:01]} Kxg5 {[%emt 0:00:01]} 53. f4+ {[%emt 0:00:00]} Kf6 {[%emt 0:00:06]} 54. Rd6+ {[%emt 0:00:10]} Ke7 {[%emt 0:00:14]} 55. Rd5 {[%emt 0:00:16]} Ke6 {[%emt 0:00:03]} 56. Re5+ {[%emt 0:00:01]} Kf6 {[%emt 0:00:02]} 57. Kh2 {[%emt 0:00:28]} b5 {[%emt 0:00:01]} 58. Rc5 {[%emt 0:00:17]} Rb2+ {[%emt 0:00:07]} 59. Kg1 {[%emt 0:00:01]} b4 {[%emt 0:00:01]} 60. Rc6+ {[%emt 0:00:22]} Ke7 {[%emt 0:00:02]} 61. Rc5 {[%emt 0:00:02]} Ke6 {[%emt 0:00:03]} 62. Re5+ {[%emt 0:00:02]} Kf6 {[%emt 0:00:01]} 63. Rd5 {[%emt 0:00:27]} b3 {[%emt 0:00:21]} 64. Rd3 {[%emt 0:00:05]} Ke6 {[%emt 0:00:25]} 65. Kf1 {[%emt 0:00:05]} Rb1+ {[%emt 0:00:10]} 66. Kg2 {[%emt 0:00:01]} b2 {[%emt 0:00:25]} 67. Rb3 {[%emt 0:00:04]} Kd5 {[%emt 0:00:00]} 68. Rb4 {[%emt 0:00:04]} Kc5 {[%emt 0:00:02]} 69. Rb3 {[%emt 0:00:27]} Kc4 {[%emt 0:00:05]} 70. Rb8 {[%emt 0:00:04]} Kc3 {[%emt 0:00:34]} 71. Rc8+ {[%emt 0:00:02]} Kd4 {[%emt 0:00:10]} 72. Rb8 {[%emt 0:00:02]} Ke4 {[%emt 0:00:12]} 73. Rb4+ {[%emt 0:00:02]} Ke3 {[%emt 0:00:01]} 74. Kh2 {[%emt 0:00:08]} Kf3 {[%emt 0:00:31]} 75. Rb3+ {[%emt 0:00:12]} Kxf4 {[%emt 0:00:01]} 76. Rf3+ {[%emt 0:00:01]} Ke4 {[%emt 0:00:08]} 77. Rb3 {[%emt 0:00:02]} f4 {[%emt 0:00:03]} 78. Rb4+ {[%emt 0:00:12]} Kd5 {[%emt 0:00:13]} 79. Rb3 {[%emt 0:00:16]} Kc4 {[%emt 0:00:17]} 80. Rb8 {[%emt 0:00:06]} Kd3 {[%emt 0:00:17]} 81. Rd8+ {[%emt 0:00:04]} Ke2 {[%emt 0:00:12]} 82. Re8+ {[%emt 0:01:16]} Kf1 {[%emt 0:00:03]} 83. Rb8 {[%emt 0:00:05]} Re1 {[%emt 0:00:09]} 84. Rxb2 {[%emt 0:00:02]} Re2+ {[%emt 0:00:01]} 85. Kh1 {[%emt 0:00:01]} Kf2 {[%emt 0:00:22]} 86. Rb8 {[%emt 0:00:25]} f3 {[%emt 0:00:12]} 87. Rg8 {[%emt 0:00:21]} Ke3 {[%emt 0:00:13]} 88. Re8+ {[%emt 0:00:09]} Kf4 {[%emt 0:00:05]} 89. Rg8 {[%emt 0:00:06]} Re1+ {[%emt 0:00:37]} 90. Kh2 {[%emt 0:00:01]} Rb1 {[%emt 0:00:08]} 91. Rf8+ {[%emt 0:00:08]} Ke3 {[%emt 0:00:01]} 92. Re8+ {[%emt 0:00:01]} Kd4 {[%emt 0:00:12]} 93. Rd8+ {[%emt 0:00:01]} Ke4 {[%emt 0:00:14]} 94. Rd4+ {[%emt 0:00:10]} Ke3 {[%emt 0:00:20]} 95. Rd3+ {[%emt 0:00:01]} Kf4 {[%emt 0:00:10]} 96. Rxf3+ {[%emt 0:00:02]} Kxf3 {[%emt 0:00:01]} 1/2-1/2

[Event "RUS-ch Rapid Men 2018"]
[Site "Sochi"]
[Date "2018.10.06"]
[Round "8"]
[White "Tomashevsky, Evgeny"]
[Black "Timofeev, Artyom"]
[Result "1-0"]
[WhiteElo "2705"]
[BlackElo "2580"]
[Annotator "TA"]
[PlyCount "141"]
[EventDate "2018.10.05"]
[EventType "swiss"]
[EventCountry "RUS"]
[SourceTitle "playchess.com"]
[Source "ChessBase"]
[SourceQuality "1"]

{[%evp 20,141,31,25,39,41,45,17,18,21,35,28,42,20,31,36,37,31,48,32,59,56,63,56,54,47,52,40,74,69,73,66,77,45,112,96,129,128,127,107,88,94,89,75,75,75,131,136,130,80,80,60,165,163,141,139,247,248,243,246,214,159,247,241,236,233,206,161,158,148,181,175,239,240,237,157,158,197,204,157,158,158,1058,1179,778,575,574,351,410,410,2453,1945,3812,2068,5522,5790,29958,29952,29954,4940,2027,1789,29971,29972,29974,29974,29979,29980,29980,29980,29980,29981,29981,29982,29983,29984,29985,29985,29985,29986,29986,29986,29988,29989]} 1. Nf3 d5 2. d4 Nf6 3. c4 dxc4 4. e3 e6 5. Bxc4 c5 6. O-O a6 7. dxc5 Bxc5 8. Qxd8+ Kxd8 9. Nbd2 Ke7 10. Be2 Bd7 {D27: Angenommenes Damengambit (Hauptvariante 7.e4, 7.a4)} 11. Rd1 {LiveBook: 5 Partien} Ba4 $146 ({Vorgänger:} 11... Rd8 12. Nb3 Ba7 13. Ne5 Nc6 14. Nxd7 Rxd7 15. Rxd7+ Nxd7 16. Bd2 Nc5 17. Na5 Nxa5 18. Bxa5 {½-½ (65) Carlsen,M (2801)-Dominguez Perez,L (2719) Moscow 2009}) 12. b3 Bb5 {Weiß steht etwas besser.} 13. Kf1 Bxe2+ 14. Kxe2 Nbd7 15. Bb2 Rac8 16. Rac1 b5 17. g4 h6 18. h3 Rhd8 19. Rc2 {zielt auf Lxf6+ ab.} Bb6 20. Rdc1 Rxc2 21. Rxc2 g6 22. Ba3+ Ke8 23. Rc6 Nd5 24. Ne4 b4 $1 {[%cal Rb4a3]} 25. Bb2 Ke7 26. Ne5 Nb8 ({Günstiger ist} 26... Nxe5 $14 27. Bxe5 Kd7 28. Rd6+ Ke8) 27. Rc2 $36 {[%mdl 2048] Weiss bestimmt, wo es lang geht.} a5 28. h4 Bc7 29. Nf3 Nd7 30. g5 hxg5 31. hxg5 Ra8 32. Nd4 a4 (32... e5 $142) 33. Nc6+ $16 Ke8 34. Bd4 axb3 35. axb3 Bb6 {[#]} (35... e5 $14) 36. Bg7 $1 $18 {[%cal Re4d6]} Bc7 {[#]} 37. Nxb4 $1 {[%mdl 512]} Nxb4 (37... Bd8 $16 {war einen Versuch wert.}) 38. Rxc7 Nd5 39. Rb7 Ra6 40. Kf3 Rb6 (40... Rc6 $16 41. Bb2 Kd8) 41. Rxb6 N7xb6 {[%mdl 4096] Endspiel KLS-KSS} 42. Ke2 Kd7 43. Kd3 Kc6 44. Bf8 Nd7 45. Ba3 f5 (45... Ne5+ {ist eine bessere Verteidigung.} 46. Ke2 Nc7) 46. gxf6 $1 N7xf6 47. Nxf6 Nxf6 {KL-KS} 48. f3 Kd5 49. e4+ Kc6 50. Kc4 Nh5 $2 (50... Nd7 $16) 51. Kd4 Kd7 52. Ke5 Ng3 53. b4 {[%cal Bb3b4,Bb4b5,Bb5b6][%mdl 32]} Ne2 54. b5 Ng1 {[#]} (54... g5 $142 55. Bc5 Nf4) 55. f4 $1 Ne2 56. Bc5 Nc3 57. b6 Kc6 58. Be3 Kb7 59. Bd4 (59. Bd2 $142 Na4 60. Kxe6 Nc5+ 61. Kd5 Na4 62. Be3 Nc3+ 63. Ke5 Nb1 64. f5 gxf5 65. exf5) 59... Ne2 60. Bf2 Kc6 61. Kxe6 {Weiß setzt Matt.} Nxf4+ 62. Kf6 g5 63. e5 {[%cal Be4e5,Be5e6][%mdl 32]} Kd7 64. Kf5 Kc6 65. e6 Nd5 66. Kg6 g4 67. Kf7 Kd6 68. Bd4 g3 69. Bg1 g2 70. Bf2 Kc6 71. e7 {Precision: Weiß = 76%, Schwarz = 37%.} 1-0

[Event "RUS-ch Rapid Men 2018"]
[Site "Sochi"]
[Date "2018.10.06"]
[Round "8"]
[White "Matlakov, Maxim"]
[Black "Antipov, Mikhail Al."]
[Result "1-0"]
[WhiteElo "2683"]
[BlackElo "2593"]
[Annotator "TA"]
[PlyCount "79"]
[EventDate "2018.10.05"]
[EventType "swiss"]
[EventCountry "RUS"]
[SourceTitle "playchess.com"]
[Source "ChessBase"]
[SourceQuality "1"]

{[%evp 18,79,33,40,24,31,26,20,25,0,-10,-18,0,-20,37,34,34,34,43,17,15,20,32,33,51,56,56,56,56,56,50,44,49,45,59,47,69,69,71,74,73,49,112,121,368,406,406,400,450,431,454,402,395,360,528,522,527,517,495,485,904,356,897,870]} 1. d4 Nf6 2. c4 c6 3. Nf3 d5 4. Nc3 a6 5. e3 Bf5 6. Ne5 {D15: Slav Defence: 4 Nc3 a6 and gambit lines after 4 Nc3 dxc4} Nbd7 7. Qb3 Qc7 8. cxd5 Nxe5 9. dxe5 Nxd5 10. Nxd5 {LiveBook: 47 Games} cxd5 11. Bd2 {[%cal Bc1d2,Bd2c3,Bc3g7][%mdl 32]} Qxe5 12. Rc1 Bd7 13. Be2 $146 ({Predecessor:} 13. Bc3 Qc7 14. Qxd5 {½-½ (30) Ragger,M (2700)-Prohaszka,P (2591) Austria 2017}) 13... e6 $1 14. Bc3 Qb8 15. f4 Bd6 (15... Rg8 $11) 16. Bxg7 $14 Rg8 17. Qc3 Qc8 18. Kf2 (18. Qd2 {looks sharper.} Qd8 19. Qd4 Bb5 20. Bf3 Rc8 21. Kf2) 18... Qxc3 19. Bxc3 Bb5 20. Bf3 f5 21. h3 Be7 22. Be5 Bh4+ 23. Kg1 Bc6 24. g4 Ke7 25. Kh2 Rac8 26. Bd4 Bb5 27. Rhd1 $1 Rxc1 28. Rxc1 {And now Rc7+ would win.} Bc6 29. Be2 h6 (29... Rc8 $14) 30. Bxa6 Ra8 $2 {[#]} (30... Bf6 $16 {was necessary.}) 31. Bxb7 $1 $18 {[%mdl 512]} Bxb7 32. Rc7+ Ke8 33. Rxb7 Rxa2 34. gxf5 exf5 {[%mdl 4096] Endgame KRB-KRB} 35. Rb5 Kf7 (35... Ke7 {is a better defense.} 36. Rb7+ Ke6 37. Rb6+ Kf7 38. Rxh6 Be7) 36. Rxd5 Kg6 37. Rd6+ Kh7 38. Rd7+ Kg6 (38... Kg8 $142 39. Rd5 Be7 40. Rxf5 Ra4) 39. Rg7+ Kh5 40. Ra7 {Precision: White = 75%, Black = 50%.} 1-0

[Event "RUS-ch Rapid Men 2018"]
[Site "Sochi"]
[Date "2018.10.06"]
[Round "8"]
[White "Demchenko, Anton"]
[Black "Sakaev, Konstantin"]
[Result "1-0"]
[WhiteElo "2679"]
[BlackElo "2584"]
[Annotator "TA"]
[PlyCount "157"]
[EventDate "2018.10.05"]
[EventType "swiss"]
[EventCountry "RUS"]
[SourceTitle "playchess.com"]
[Source "ChessBase"]
[SourceQuality "1"]

{[%evp 16,157,14,0,21,20,42,49,41,29,31,27,42,22,12,0,0,0,0,0,15,11,21,23,16,19,102,102,102,102,102,102,102,103,103,108,105,80,101,69,69,54,132,111,132,132,270,90,90,90,90,90,90,90,90,90,103,90,90,77,104,89,90,32,32,32,89,89,89,89,89,89,89,89,104,104,104,85,85,85,104,104,104,104,154,24,154,154,154,154,154,154,154,154,154,154,154,154,154,111,111,111,154,154,154,154,154,154,154,154,154,154,154,154,154,154,154,154,154,104,104,104,154,154,154,104,154,154,154,104,104,104,254,246,29961,29963,29967,29968,29966,29969,29968,29964,29954,29948]} 1. e4 c5 2. Nf3 d6 3. d4 cxd4 4. Qxd4 Nc6 5. Qe3 (5. Bb5 a6 6. Bxc6+ bxc6 7. O-O e5 8. Qd3 Be7 9. c4 Qc7 10. Rd1 Nf6 11. Nc3 O-O 12. h3 Rb8 13. b3 Nd7 14. Ba3 Nc5 15. Bxc5 dxc5 16. Qe3 {1-0 (26) Wang,H (2711)-Idani,P (2599) Kuala Lumpur 2018}) 5... g6 6. Be2 {B53: Sicilian: 2...d6: Lines with Qxd4} Bg7 7. O-O Nf6 8. h3 O-O 9. Rd1 {LiveBook: 8 Games} Be6 10. Nc3 Qb6 11. Qxb6 axb6 12. a3 Rfc8 $146 ({Predecessor:} 12... Rac8) 13. Rb1 Na5 14. Bd3 Nc4 15. Ne2 d5 16. exd5 Bxd5 17. Ne1 Ne5 18. Nc3 Nxd3 19. Nxd3 Be6 20. Nb4 Rxc3 (20... Ne8 $11 {remains equal.}) 21. bxc3 $16 Ne4 22. Bb2 Bxc3 23. Nd5 Bxd5 24. Rxd5 Nd2 25. Rd1 Bxb2 26. R1xd2 Rxa3 {[%mdl 4096] Endgame KRR-KRB} 27. g3 Ra1+ 28. Kg2 {[%mdl 1024] White has compensation.} Ba3 (28... Bc3 $14) 29. Rd8+ Kg7 30. Ra8 b5 (30... Bb4 $16 {was called for.} 31. Rxa1 Bxd2) 31. c3 $2 (31. Rd7 $18 {has better winning chances.}) 31... b4 32. cxb4 Bxb4 33. Rxa1 Bxd2 {KR-KB} 34. Rb1 h5 35. Rxb7 Bg5 36. Kf3 f5 37. Ke2 Kf7 38. Rb4 Bf6 39. g4 (39. h4 $16) 39... hxg4 $14 40. hxg4 fxg4 (40... e5 $14) 41. Rxg4 $16 Be5 42. Kf3 Bf6 43. Ke4 Bg7 44. Kd5 Bf6 45. Rf4 g5 46. Rf3 (46. Rc4 {keeps more tension.} e6+ 47. Ke4 Kg6 48. Rc6 Kf7 49. Ra6) 46... Kg6 47. Ke4 $1 Bg7 48. Rb3 Bf6 49. Rb6 Kg7 50. Kf5 (50. Rc6 $16) 50... Kf7 (50... Bd4 $11 51. Rg6+ Kh7) 51. Rb7 Kg7 52. f3 Kf7 {[#]} 53. Ra7 $1 Kg7 54. Ke6 Kg6 55. Ra8 Kg7 56. Rb8 Kg6 57. Rg8+ Kh5 58. Kf5 Kh6 59. Ra8 Kg7 60. Ke6 Kg6 61. Ra4 Kg7 62. Rg4 Kg6 63. Rg2 Kg7 64. Kf5 Kh6 65. Rg1 Kh7 66. Kg4 Kg6 67. Rb1 Be5 68. Rb6+ Bf6 69. Ra6 Kg7 70. Kh5 Kh7 71. Ra2 Kg7 72. Re2 Kf7 73. Kh6 Ke8 (73... e6 $16 {is a better defense.} 74. Kh5 Be7) 74. Kg6 $18 Kd7 $2 {[#]} (74... Bd4 $18 75. Kxg5 Kf7) 75. Kf7 $1 {White mates.} Kd8 76. Re6 Bb2 77. Rxe7 Bc1 78. Re1 Bf4 79. Rd1+ {Precision: White = 63%, Black = 47%.} 1-0

[Event "RUS-ch Rapid Men 2018"]
[Site "Sochi"]
[Date "2018.10.06"]
[Round "8"]
[White "Sjugirov, Sanan"]
[Black "Sychev, Klementy"]
[Result "0-1"]
[WhiteElo "2654"]
[BlackElo "2534"]
[Annotator "TA"]
[PlyCount "80"]
[EventDate "2018.10.05"]
[EventType "swiss"]
[EventCountry "RUS"]
[SourceTitle "playchess.com"]
[Source "ChessBase"]
[SourceQuality "1"]

{[%evp 28,80,-26,-33,-28,-36,-19,-44,-52,-95,-66,-91,-86,-100,-91,-191,-205,-560,-564,-518,-95,-214,-220,-230,-224,-689,-389,-362,0,-463,-463,-427,-308,-439,-322,-433,-420,-402,-396,-424,-373,-371,-328,-358,-350,-349,-332,-500,-500,-495,-476,-29993,-29994,-29995,-29996]} 1. Nf3 Nf6 2. c4 c5 3. e3 g6 4. d4 cxd4 5. exd4 d5 6. Nc3 Bg7 7. Be2 O-O 8. O-O Nc6 9. Bg5 Be6 10. c5 Ne4 {D94: Grünfeld: 4 Nf3 Bg7 5 e3} 11. Be3 Nxc5 12. dxc5 d4 13. Nxd4 Nxd4 14. Bf3 Nxf3+ 15. Qxf3 {LiveBook: 9 Games} Qc8 $146 ({Predecessor:} 15... Qd7 16. Rfd1 Qc6 17. Qe2 Rfd8 18. Rac1 {½-½ (29) Puschkeit,P (2205)-Tseitlin,M (2445) Berlin 1996}) 16. Rac1 Rd8 17. Qg3 Qc6 18. b3 Bf5 19. Rfe1 Rd3 20. Ne2 Rad8 21. Qh4 {[#]} (21. h3 $17) 21... Bb2 $1 $19 {[%cal Rb2c1]} 22. Rc4 $2 (22. Rb1 {is tougher.} Bf6 23. Qa4) 22... Rd1 {[%cal Rd1e1]} 23. f3 Qa6 $2 (23... Qe6 $19 {is more deadly.} 24. Re4 Bxe4 25. fxe4 Bf6) 24. Rxd1 (24. Nd4 $17 Rxe1+ 25. Qxe1) 24... Rxd1+ 25. Kf2 Bf6 ({Inferior is} 25... Qxa2 26. Qxe7 Qa5 27. b4 $14 (27. Qe8+ Kg7 $11)) 26. Bg5 $2 (26. Qg3 e5 27. Bg5) 26... Bd3 27. Bxf6 Bxc4 $2 ({And not} 27... Qxf6 28. Qxf6 exf6 29. Ra4 $15) (27... exf6 $19 28. Nc3 Rf1+ 29. Kg3 Bxc4 30. bxc4 Kg7) 28. Bc3 $2 {[%mdl 8192]} (28. Bxe7 $11 {and White stays safe.} Qa5 29. Qxc4 Qe1+ 30. Ke3 Qd2+ 31. Kf2 Qe1+ 32. Ke3 Qd2+ 33. Kf2 Qe1+) 28... Bxe2 29. Qxe7 {[%cal Re7e8]} Qe6 30. Qxb7 (30. Qxe6 {was the only chance.} fxe6 31. Kxe2) 30... Rd8 31. c6 Bd3 32. c7 Rc8 33. Qxa7 {Black should prevent Qd4.} Qd6 34. Ba5 Bf5 35. h3 h5 {[%cal Bh7h5,Bh5h4][%mdl 32]} 36. Qe3 h4 37. Qc3 (37. Kg1 $142) 37... Re8 38. Kg1 Qg3 {( -> ...Re2)} 39. Qd4 {[#]} (39. Qd2 $19 Bxh3 40. Qf2) 39... Re2 {[%csl Ge2][%cal Rg3g2]} 40. Qd8+ Kh7 {Precision: White = 16%, Black = 73%.} 0-1

[Event "RUS-ch Rapid Men 2018"]
[Site "Sochi"]
[Date "2018.10.06"]
[Round "8"]
[White "Paravyan, David"]
[Black "Shcherbakov, Ruslan"]
[Result "1-0"]
[WhiteElo "2629"]
[BlackElo "2516"]
[Annotator "TA"]
[PlyCount "41"]
[EventDate "2018.10.05"]
[EventType "swiss"]
[EventCountry "RUS"]
[SourceTitle "playchess.com"]
[Source "ChessBase"]
[SourceQuality "1"]

{[%evp 19,41,71,122,89,91,23,85,50,52,22,39,-14,20,-16,215,226,341,334,639,633,600,530,614,600]} 1. d4 Nf6 2. c4 b6 3. Nc3 Bb7 4. Qc2 d5 5. cxd5 Nxd5 6. Nf3 Nxc3 {A50: Damenindisch (ohne e7-e6)} 7. bxc3 Nd7 (7... g6 8. e4 Bg7 9. Bb5+ c6 10. Be2 O-O 11. O-O Nd7 12. Bg5 Re8 13. Rad1 Qc7 14. e5 {1-0 (53) Paravyan,D (2629)-Gordievsky,D (2615) Moscow 2018}) 8. e4 e5 9. Bc4 exd4 10. O-O d3 {LiveBook: 3 Partien} 11. Qxd3 {Td1 ist eine echte Drohung.} Qe7 12. Bd5 $146 (12. Rd1 $16) ({Vorgänger:} 12. Rd1 O-O-O 13. Ng5 Ne5 14. Qxd8+ Qxd8 15. Rxd8+ Kxd8 16. Bxf7 {1-0 (55) Vakhlamov,I (2405)-Vaseptsov,M (2348) Moscow 2017}) 12... c6 (12... O-O-O $1 $11) 13. Bb3 Nc5 14. Qd1 Rd8 15. Nd4 ({Besser ist} 15. Qc2 $14) 15... g6 (15... Nxe4 $2 16. Re1 $18) 16. Qg4 {Droht Lg5 und aus.} Bg7 $2 {[#]} (16... Nxb3 $11 17. axb3 c5) 17. Nf5 $1 $18 {[%cal Rf5e7]} ({Weniger gut wäre} 17. Bg5 f6 $14) 17... gxf5 (17... h5 $142 18. Nxg7+ Kf8) 18. Qxg7 Kd7 $2 (18... Rf8 19. Bh6 f6 20. Qxe7+ (20. exf5 Qxg7 21. Bxg7 Nxb3 $18) 20... Kxe7 21. Bxf8+ (21. exf5 Rfe8 $16) 21... Kxf8 22. exf5 Rd3) 19. Bg5 {Weiß steht klar auf Gewinn.} Rdg8 20. Rad1+ Kc7 21. Qxg8 {Precision: Weiß = 23%, Schwarz = 27%.} 1-0

[Event "RUS-ch Rapid Men 2018"]
[Site "Sochi"]
[Date "2018.10.06"]
[Round "8"]
[White "Oparin, Grigoriy"]
[Black "Khanin, Semen"]
[Result "1-0"]
[WhiteElo "2624"]
[BlackElo "2510"]
[Annotator "TA"]
[PlyCount "77"]
[EventDate "2018.10.05"]
[EventType "swiss"]
[EventCountry "RUS"]
[SourceTitle "playchess.com"]
[Source "ChessBase"]
[SourceQuality "1"]

{[%evp 9,77,42,43,40,45,12,25,18,19,-27,-20,-26,-37,-54,-54,-50,-11,-20,-10,-22,-7,-5,-12,-40,-54,-45,0,0,0,0,20,16,16,24,10,0,0,0,33,0,0,-6,0,0,0,0,0,0,74,73,263,263,256,256,1296,1170,5714,5498,29992,29993,29993,29994,29994,29995,29995,29996,29996,29997,29997,575]} 1. c4 Nf6 2. Nc3 e5 3. Nf3 Nc6 4. e3 g6 5. d4 d6 {LiveBook: 69 Games} 6. h3 {A28: English Opening: Four Knights Variation} (6. Be2 Bg7 7. dxe5 Nxe5 8. Nxe5 dxe5 9. Qxd8+ Kxd8 10. e4 Be6 11. Be3 Kc8 12. O-O c6 13. h3 h5 14. Rad1 Bh6 15. Bxh6 Rxh6 16. h4 Kc7 17. g3 Rhh8 {½-½ (39) Le,Q (2728)-Duda,J (2737) Danzhou 2018}) 6... Bg7 7. Bd3 O-O 8. O-O {White has an edge.} Re8 9. dxe5 dxe5 {[#] And now ...e4 would win.} 10. e4 Nd4 11. Nxd4 $146 ({Predecessor:} 11. c5 Qe7 12. b4 a5 13. Ba3 b6 14. Re1 Nxf3+ 15. Qxf3 axb4 16. Bxb4 bxc5 17. Bxc5 Qxc5 {0-1 (32) Naipal,V-Ortiz Aguirre,N (2185) Dalkeith 2005}) 11... exd4 12. Nd5 Nxe4 {White must now prevent ...c6.} 13. Bf4 Nd6 $1 14. c5 c6 15. cxd6 cxd5 16. Re1 Rxe1+ 17. Qxe1 Be6 18. Rc1 Bf8 19. Qb4 Rc8 20. Rxc8 Bxc8 21. Qc5 Be6 22. a4 a6 23. b4 h5 24. b5 axb5 25. axb5 Qf6 26. Bh2 Qg5 27. Qxd4 Bxh3 {[%csl Gh3][%cal Rg5g2]} 28. Bf1 {Hoping for Bf4.} Bd7 (28... Bc8 $11) 29. Qb6 Qc1 $2 (29... Bg7 $16) 30. Qxb7 $18 Bg4 31. Qc6 Qd1 $2 (31... Qe1) 32. Qe8 Bf5 33. d7 Bd3 {[#]} 34. Qxf8+ $1 {[%mdl 512] White mates.} Kxf8 35. d8=Q+ Kg7 36. Be5+ Kh6 37. Qh8+ Kg5 38. Qf6+ Kh6 39. Bf4+ {Precision: White = 65%, Black = 49%.} 1-0

[Event "RUS-ch Rapid Men 2018"]
[Site "Sochi"]
[Date "2018.10.06"]
[Round "8"]
[White "Kobalia, Mikhail"]
[Black "Gabrielian, Artur"]
[Result "1-0"]
[WhiteElo "2620"]
[BlackElo "2499"]
[Annotator "TA"]
[PlyCount "79"]
[EventDate "2018.10.05"]
[EventType "swiss"]
[EventCountry "RUS"]
[SourceTitle "playchess.com"]
[Source "ChessBase"]
[SourceQuality "1"]

{[%evp 24,79,20,19,4,10,13,-1,0,-14,-4,0,0,-16,310,325,322,316,315,331,332,318,329,320,324,319,317,327,308,302,294,287,282,277,314,307,382,371,408,409,425,420,412,438,456,454,460,450,433,438,781,564,1043,1043,1166,1132,29985,29986]} 1. e4 c5 2. Nf3 d6 3. d4 cxd4 4. Nxd4 Nf6 5. Nc3 Nc6 6. Bg5 e6 7. Qd2 a6 8. O-O-O Bd7 9. f3 Be7 10. h4 Nxd4 11. Qxd4 b5 {B67: Sicilian: Richter-Rauzer: 7...a6 8 0-0-0 Bd7, lines without 9 f4 Be7} 12. Kb1 Qc7 13. g4 {LiveBook: 5 Games} (13. Qd2 b4 14. Ne2 a5 15. g4 h5 16. gxh5 Nxh5 17. Nd4 Rb8 18. Bh3 g6 19. Rhg1 {0-1 (54) Areshchenko,A (2652)-Demchenko,A (2645) Tbilisi 2017}) 13... h5 {The position is equal.} 14. gxh5 Nxh5 15. Bxe7 $146 ({Predecessor:} 15. Qd2 Rb8 16. Ne2 a5 17. Nf4 b4 18. b3 a4 19. Bc4 Nf6 20. h5 axb3 21. cxb3 Nxe4 22. fxe4 Bxg5 23. Nxe6 Bxe6 24. Qxg5 Bxc4 25. Qxg7 Ke7 {½-½ (25) Eschert,U (2120)-Wosch,A (2311) ICCF email 2012}) 15... Kxe7 16. e5 dxe5 17. Qb4+ Ke8 18. Ne4 {[%cal Bc3e4,Be4d6,Bd6c8,Bc8a7,Ba7c6][%mdl 32] Strongly threatening Nd6+.} Bc6 $2 {[%mdl 8192]} (18... a5 $11 19. Nd6+ Kf8 20. Nxb5+ axb4 21. Nxc7 Rd8) 19. Qc5 $18 Rb8 {[#] and the idea ...Qb6 leaves Black hopeful.} 20. Nd6+ $1 Kf8 21. Nc8+ Ke8 {[#]} 22. Na7 $1 (22. Nd6+ Kf8 $16) 22... Ng3 (22... Rb6 $2 23. Rd6 $18) 23. Rg1 (23. Qxc6+ Qxc6 24. Nxc6 Rc8 $11) 23... Nxf1 24. Rgxf1 ({Not} 24. Nxc6 Rc8 $14) ({Inferior is} 24. Qxc6+ Qxc6 25. Nxc6 Rc8 $15) 24... Rxh4 ({Don't play} 24... Rb6 25. Rd6 $18) 25. Qxc6+ Qxc6 26. Nxc6 Rc8 27. Nxe5 f6 28. Nd3 e5 29. f4 exf4 30. Nxf4 {aiming for Rfe1+.} Rc7 31. c3 Kf7 32. Rd6 a5 33. Rb6 b4 34. cxb4 axb4 35. Nd5 Rd7 36. Nxb4 Rh2 (36... Kg6 $142 37. a3 Re4 38. Rg1+ Kh5) 37. a4 Rdd2 38. Nc6 g5 39. Ne5+ Kg7 40. Rb7+ {Precision: White = 94%, Black = 47%.} 1-0